Managing salinization : (Record no. 5994)

MARC details
000 -LEADER
fixed length control field 01073nac a22002531u 4500
010 ## - LIBRARY OF CONGRESS CONTROL NUMBER
LC control number 97031664
020 ## - INTERNATIONAL STANDARD BOOK NUMBER
International Standard Book Number 3540633286 (alk. paper)
082 00 - DEWEY DECIMAL CLASSIFICATION NUMBER
Classification number 363.7384
Item number SCH
090 ## - LOCALLY ASSIGNED LC-TYPE CALL NUMBER (OCLC); LOCAL CALL NUMBER (OCLC)
-- 5994
-- 5994
100 ## - MAIN ENTRY--PERSONAL NAME
Personal name Scheumann, Waltina,
245 10 - TITLE STATEMENT
Title Managing salinization :
Remainder of title institutional analysis of public irrigation systems /
Statement of responsibility, etc Waltina Scheumann.
260 ## - PUBLICATION, DISTRIBUTION, ETC. (IMPRINT)
Place of publication, distribution, etc Berlin ;
-- New York :
Name of publisher, distributor, etc Springer,c.1997.
Date of publication, distribution, etc c.1997.
300 ## - PHYSICAL DESCRIPTION
Extent xvi, 274 p. :
Other physical details ill., maps ;
Dimensions 24 cm.
500 ## - GENERAL NOTE
General note Originally presented as the author's thesis (doctoral--Technical University of Berlin) under the title: Institutional analysis of salinization in public irrigation systems.
500 ## - GENERAL NOTE
General note Distributer: Al-Ahram.
504 ## - BIBLIOGRAPHY, ETC. NOTE
Bibliography, etc Includes bibliographical references (p. [255]-270) and index.
511 ## - PARTICIPANT OR PERFORMER NOTE
Participant or performer note Catalogued By: Mahitab.
650 #0 - SUBJECT ADDED ENTRY--TOPICAL TERM
Topical term or geographic name as entry element Salinization.
650 #0 - SUBJECT ADDED ENTRY--TOPICAL TERM
Topical term or geographic name as entry element Salinization
General subdivision Control.
650 #0 - SUBJECT ADDED ENTRY--TOPICAL TERM
Topical term or geographic name as entry element Irrigation.
650 #0 - SUBJECT ADDED ENTRY--TOPICAL TERM
Topical term or geographic name as entry element Irrigation
General subdivision Government policy.
650 #0 - SUBJECT ADDED ENTRY--TOPICAL TERM
Topical term or geographic name as entry element Water resources development
General subdivision Government policy.
942 ## - ADDED ENTRY ELEMENTS (KOHA)
Item type Book - Borrowing
Call number prefix 363.7384SCH
Holdings
Withdrawn status Item status Damaged status Not for loan Home library Current library Shelving location Date acquired Source of acquisition Total Checkouts Full call number Barcode Date last seen Koha item type
        Central Library Central Library First floor 07/11/2011 Purchase   363.7384SCH 000006951 15/07/2025 Book - Borrowing